| 000 | 01505nam a2200397 c 4500 | ||
|---|---|---|---|
| 999 |
_c167825 _d167825 |
||
| 003 | BLK | ||
| 005 | 20250122142639.0 | ||
| 008 | 180411b bul|||||r ||||||| ||bul|| | ||
| 010 | _aKNG00175667000 | ||
| 040 | _aBLK | ||
| 041 |
_aBUL _cBUL |
||
| 072 | 7 |
_2bullib _aК _xКраезнание |
|
| 080 |
_aСпорт. Спортни игри. Физическа култура. Вж и 613;615.82;685.6/.7; 723.8; 793.3; 794 _b796 _z796 |
||
| 110 | 1 |
_aБългария. Министерство на войната. Кавалерийски отдел _9337649 |
|
| 139 |
_aБългария. Министерство на войната. Кавалерийски отдел _bБ 92 |
||
| 245 | 1 | 0 | _aПрограма за армейските конни състезания през месец октомври 1924 г. в гр. Русе |
| 257 | _aBGR | ||
| 260 |
_bАрмейски воен.-изд. фонд _c1924 |
||
| 300 |
_a34 с. _bс ил. _c24 см |
||
| 380 | _a79 | ||
| 650 | 4 |
_aКонен спорт _9317731 |
|
| 651 | 4 |
_aБългария _9241624 |
|
| 651 | 4 |
_aРусе _9179462 |
|
| 653 | _aконен спорт | ||
| 653 | _aпрограми | ||
| 653 | _aсъстезания | ||
| 659 | _aК | ||
| 852 | _aЦб 113807 | ||
| 852 | _aК 796/799/Б 92 | ||
| 856 | 4 | _qpdf | |
| 856 | 4 | _qpdf | |
| 942 |
_cKNG _n0 _02 _s1 |
||
| 944 |
_aCR _c21.05.2015 _k30558 _lВаля Йорданова |
||
| 944 |
_aED _c10.08.2015 _kВаля_Йорданова |
||
| 999 | _d167825 | ||